000 00762nam a2200253 i 4500
001 000029054
003 DO-SdBNP
005 20231129143043.0
007 ta
008 110413s1985 dr ac 000 0 spa d
040 _aDO-SdBNP
_bspa
_cBNPHU
_erda
082 _bC975c
_222
100 _aCuriel, Carlos,
_d1916-1998
_926171
245 1 0 _aCuatro décadas de periodismo /
_cCarlos Curiel.
264 1 _aSanto Domingo :
_bLibros y Textos,
_c1985.
300 _a44 páginas
_bilustraciones, retratos
_c20 cm.
336 _2rdacontent
_atexto
_btxt
337 _2rdamedia
_asin mediación
_bn
338 _2rdacarrier
_avolumen
_bnc
490 1 _aAntología de nuestra voz, año 4
_v17
590 _aInventariado, 2023/ YL
910 _aYLockward
942 _2ddc
_cLF2
999 _c28546
_d28546